00662 2200253 4500001002100000005001700021008004100038020002200079035002400101040001200125082001000137084001600147090002000163100002100183245004100204250001100245260003000256300003700286500001600323650002100339850001200360990001800372990001800390INLIS00000000002391720161104084624.0  a978-979-19328-4-7 0010-111600000000171 aYOPDYOG a320.9 a320.9 Adi J aBTR 320.9 Adi J aAdi Arwan Alimin aJejak Dua Lelakic/ Adi Arwan Alimin aCet. 1 a[s.n]bKoran Mandarc2011 axiv, 195 hlm.b: ilus.c; 20 cm. ahlm. 15-195 aPolitik, Keadaan aYOPDYOG a53115-PD/A.16 a53116-PD/A.16